[Event "ALG Cup"]
[Site "Blida et Alger"]
[Date "2016.10.13"]
[Round "3.17"]
[White "Othmane, Youcef"]
[Black "Seddaoui, Yamine"]
[Result "0-1"]
[WhiteElo "1624"]
[BlackElo "2211"]
[PlyCount "33"]
[EventDate "2016.10.12"]
[EventType "k.o."]
[EventRounds "14"]
[EventCountry "ALG"]
[SourceTitle "EXT 2024"]
[Source "ChessBase"]
[SourceDate "2023.10.10"]
[SourceVersion "1"]
[SourceVersionDate "2023.10.10"]
[SourceQuality "1"]

1. e4 e5 2. Nf3 Nc6 3. d4 exd4 4. Bc4 Nf6 5. 0-0 Bc5 6. c3 Nxe4 7. Re1 d5 8. Ng5 0-0 9. Rxe4 dxc4 10. Qh5 Bf5 11. Rh4 Bg6 12. Qg4 Re8 13. Bd2 Ne7 14. Na3 dxc3 15. Bxc3 Bxa3 16. Rd1 Qxd1+ 17. Qxd1 0-1

[Event "ALG Cup"]
[Site "Blida et Alger"]
[Date "2016.10.13"]
[Round "4.17"]
[White "Seddaoui, Yamine"]
[Black "Othmane, Youcef"]
[Result "1-0"]
[WhiteElo "2211"]
[BlackElo "1624"]
[PlyCount "53"]
[EventDate "2016.10.12"]
[EventType "k.o."]
[EventRounds "14"]
[EventCountry "ALG"]
[SourceTitle "EXT 2024"]
[Source "ChessBase"]
[SourceDate "2023.10.10"]
[SourceVersion "1"]
[SourceVersionDate "2023.10.10"]
[SourceQuality "1"]

1. e4 e6 2. d4 d5 3. e5 b6 4. Nf3 Ne7 5. Bd3 Ba6 6. 0-0 c5 7. c3 Bxd3 8. Qxd3 h6 9. c4 Nd7 10. Nc3 cxd4 11. Qxd4 Nf5 12. Qf4 dxc4 13. g4 Nh4 14. Rd1 Nxf3+ 15. Qxf3 Qc8 16. Nb5 Rb8 17. Nxa7 Qb7 18. Nc6 Rc8 19. Nd4 Qc7 20. Bf4 Qc5 21. Qe4 Be7 22. Rac1 0-0 23. Nxe6 fxe6 24. Rxd7 Bg5 25. Qg6 Be7 26. Qxe6+ Kh7 27. Be3 1-0